000 00414nam a2200145Ia 4500
008 231129s2001||||xx |||||||||||||| ||spa||
020 _a958-04-6408-1
040 _bspa
082 _a370.1 A735i
100 _aAmstrong Thomas
245 0 _aInteligencias múltiples : Cómo descubrirlas y estimularlas en sus hijos
260 _c2001
264 _aNorma
942 _2ddc
_cBKS
999 _c15779
_d15779